00307nam a22001217a 4500020001800000040000900018082001500027100001700042245004900059250001600108260003100124650003000155 a9781473954199 cNUST a658.3bWIL aWilton, Nick aAn Introduction to Human Resource Management a3rd Edition aLos Angeles:bSAGE,c2016. aHuman Resource Management